[Event "Belgrade-chT Quality"]
[Site "Belgrade"]
[Date "2015.10.25"]
[Round "7"]
[White "Stancic, Lazar"]
[Black "Soskic, Bozidar"]
[Result "1/2-1/2"]
[WhiteElo "1962"]
[BlackElo "2122"]
[PlyCount "64"]
[EventDate "2015.10.03"]
[EventType "team-tourn"]
[EventRounds "11"]
[EventCountry "SRB"]
[SourceTitle "EXT 2018"]
[Source "ChessBase"]
[SourceDate "2017.10.13"]
[SourceVersion "1"]
[SourceVersionDate "2017.10.13"]
[SourceQuality "1"]

1. e4 e6 2. d4 d5 3. Nc3 c5 4. dxc5 d4 5. Bb5+ Nc6 6. Bxc6+ bxc6 7. Nce2 Bxc5 8. Nf3 Qa5+ 9. Bd2 Qb6 10. 0-0 Ba6 11. b4 Bxe2 12. Qxe2 Be7 13. e5 Rd8 14. Qc4 Rd5 15. Rab1 Qb5 16. Qb3 f6 17. exf6 gxf6 18. c4 dxc3 19. Bxc3 Rd3 20. Nd4 Qd5 21. Qc2 Qc4 22. Rbc1 Rxd4 23. Bxd4 Qxd4 24. Qxc6+ Kf7 25. b5 Nh6 26. Rfd1 Qb6 27. Rd7 Rb8 28. Qc7 Ng8 29. a4 Qxc7 30. Rcxc7 a6 31. Rb7 Rc8 32. g3 axb5 1/2-1/2

[Event "Belgrade-chT Quality"]
[Site "Belgrade"]
[Date "2015.10.18"]
[Round "6"]
[White "Soskic, Bozidar"]
[Black "Resan, Branko"]
[Result "1-0"]
[WhiteElo "2122"]
[BlackElo "2043"]
[PlyCount "55"]
[EventDate "2015.10.03"]
[EventType "team-tourn"]
[EventRounds "11"]
[EventCountry "SRB"]
[SourceTitle "EXT 2018"]
[Source "ChessBase"]
[SourceDate "2017.10.13"]
[SourceVersion "1"]
[SourceVersionDate "2017.10.13"]
[SourceQuality "1"]

1. d4 d5 2. Nf3 Nf6 3. c4 e6 4. Nc3 Be7 5. g3 0-0 6. Bg2 b6 7. 0-0 Bb7 8. Ne5 c6 9. e4 Ba6 10. exd5 exd5 11. b3 Qc7 12. Bf4 Bd6 13. Rc1 dxc4 14. bxc4 Nfd7 15. Nb5 Bxb5 16. cxb5 Nxe5 17. dxe5 Bxe5 18. Bxe5 Qxe5 19. bxc6 Qc7 20. Qe2 a5 21. Rfd1 Ra7 22. Qe3 b5 23. Qc5 b4 24. Qxa7 Qxa7 25. c7 Qa6 26. Rd8 Qc8 27. Rxc8 Rxc8 28. Bb7 1-0

[Event "Belgrade-chT Quality"]
[Site "Belgrade"]
[Date "2015.10.11"]
[Round "4"]
[White "Soskic, Bozidar"]
[Black "Djurisic, Dusan"]
[Result "1/2-1/2"]
[WhiteElo "2122"]
[BlackElo "1918"]
[PlyCount "74"]
[EventDate "2015.10.03"]
[EventType "team-tourn"]
[EventRounds "11"]
[EventCountry "SRB"]
[SourceTitle "EXT 2018"]
[Source "ChessBase"]
[SourceDate "2017.10.13"]
[SourceVersion "1"]
[SourceVersionDate "2017.10.13"]
[SourceQuality "1"]

1. e4 e6 2. d4 d5 3. Nd2 c5 4. dxc5 Bxc5 5. Nb3 Bb6 6. exd5 exd5 7. Bb5+ Nc6 8. Qe2+ Nge7 9. Bg5 f6 10. Be3 0-0 11. 0-0-0 Bf5 12. Nf3 Rc8 13. Rd2 Nb4 14. Bxb6 axb6 15. Nfd4 Bd7 16. a3 Nbc6 17. Ne6 Bxe6 18. Qxe6+ Kh8 19. Re1 Qc7 20. Bxc6 Nxc6 21. g3 Ne5 22. Ree2 h6 23. Qxd5 Rfd8 24. Qe4 Re8 25. f4 Nc4 26. Qxe8+ Rxe8 27. Rxe8+ Kh7 28. Rdd8 Nd6 29. Rf8 Qc6 30. Kb1 Kg6 31. Ka2 h5 32. h3 f5 33. h4 Ne4 34. Nd4 Qc4+ 35. b3 Qc3 36. Rxf5 Qd2 37. Kb2 Qc3+ 1/2-1/2

[Event "Belgrade-chT"]
[Site "Belgrade"]
[Date "2014.11.03"]
[Round "11"]
[White "Soskic, Bozidar"]
[Black "Andjelkovic, Milija"]
[Result "1/2-1/2"]
[WhiteElo "2113"]
[BlackElo "2059"]
[PlyCount "50"]
[EventDate "2014.10.04"]
[EventType "team-tourn"]
[EventRounds "13"]
[EventCountry "SRB"]
[SourceTitle "EXT 2015"]
[Source "ChessBase"]
[SourceDate "2014.11.20"]
[SourceVersion "1"]
[SourceVersionDate "2014.11.20"]
[SourceQuality "1"]

1. d4 Nf6 2. Nf3 d5 3. Bg5 Ne4 4. Bh4 c6 5. Nfd2 Nd6 6. e3 Nf5 7. Bg3 Nxg3 8. hxg3 Bf5 9. Bd3 Bxd3 10. cxd3 e6 11. Nf3 Nd7 12. Nbd2 Qb6 13. Qb3 a5 14. Ne5 Qxb3 15. Nxb3 Nxe5 16. dxe5 a4 17. Nd2 Ra5 18. Ke2 Kd7 19. Nf3 Be7 20. g4 Ra6 21. Rab1 f6 22. exf6 gxf6 23. g5 Ke8 24. Rh6 Kf7 25. Nd4 Kg7 1/2-1/2

[Event "Belgrade-chT"]
[Site "Belgrade"]
[Date "2014.10.19"]
[Round "6"]
[White "Soskic, Bozidar"]
[Black "Nonkovic, Nikola"]
[Result "1-0"]
[WhiteElo "2113"]
[BlackElo "1874"]
[PlyCount "37"]
[EventDate "2014.10.04"]
[EventType "team-tourn"]
[EventRounds "13"]
[EventCountry "SRB"]
[SourceTitle "EXT 2015"]
[Source "ChessBase"]
[SourceDate "2014.11.20"]
[SourceVersion "1"]
[SourceVersionDate "2014.11.20"]
[SourceQuality "1"]

1. d4 d5 2. Nf3 Nf6 3. c4 Bg4 4. Ne5 Bh5 5. cxd5 Qxd5 6. Nc3 Qa5 7. g4 Nxg4 8. e3 Nxe5 9. Bb5+ c6 10. Qxh5 Nd3+ 11. Kd2 Nxf2 12. Rf1 Ne4+ 13. Kc2 Nf6 14. Rxf6 exf6 15. Qf3 Qc7 16. Bd3 Nd7 17. e4 c5 18. Bf4 Qa5 19. dxc5 1-0

[Event "Belgrade-chT"]
[Site "Belgrade"]
[Date "2014.10.18"]
[Round "5"]
[White "Soskic, Bozidar"]
[Black "Dimitrijevic, Vuk"]
[Result "1-0"]
[WhiteElo "2113"]
[BlackElo "1910"]
[PlyCount "96"]
[EventDate "2014.10.04"]
[EventType "team-tourn"]
[EventRounds "13"]
[EventCountry "SRB"]
[SourceTitle "EXT 2015"]
[Source "ChessBase"]
[SourceDate "2014.11.20"]
[SourceVersion "1"]
[SourceVersionDate "2014.11.20"]
[SourceQuality "1"]

1. d4 Nf6 2. Nf3 g6 3. Bg5 Bg7 4. Qc1 d6 5. Bh6 0-0 6. h4 Nh5 7. Bxg7 Kxg7 8. e3 Bd7 9. Be2 Bg4 10. Qd1 f5 11. Ng5 Bxe2 12. Qxe2 Qd7 13. d5 Rf6 14. Ne6+ Kg8 15. Qc4 Na6 16. Nd4 Nc5 17. Nd2 a6 18. a4 Kg7 19. b4 b5 20. axb5 axb5 21. Qc3 Na4 22. Ne6+ Kg8 23. Qxc7 Qe8 24. Nd4 Rf7 25. Qc6 Qxc6 26. dxc6 Nb6 27. Rxa8+ Nxa8 28. Nxb5 Rf8 29. Ke2 Nf6 30. c4 Rc8 31. Ra1 Nc7 32. Ra7 Nxb5 33. cxb5 Nd5 34. Kd3 Kf7 35. Kc4 Ke6 36. Rb7 Nf6 37. f3 Nd5 38. Nf1 Nf6 39. c7 Nd7 40. b6 d5+ 41. Kb5 Kd6 42. f4 e5 43. fxe5+ Kxe5 44. Kc6 Ke6 45. Rb8 Rxb8 46. cxb8Q Nxb8+ 47. Kb7 Nd7 48. Kc7 h6 1-0

[Event "Belgrade City-chT"]
[Site "Belgrade"]
[Date "2013.11.13"]
[Round "9"]
[White "Todorovic, Violeta"]
[Black "Soskic, Bozidar"]
[Result "1/2-1/2"]
[WhiteElo "2087"]
[BlackElo "2117"]
[PlyCount "80"]
[EventDate "2013.10.26"]
[EventType "team-tourn"]
[EventRounds "11"]
[EventCountry "SRB"]
[SourceTitle "EXT 2015"]
[Source "ChessBase"]
[SourceDate "2014.11.20"]
[SourceVersion "1"]
[SourceVersionDate "2014.11.20"]
[SourceQuality "1"]

1. Nf3 Nf6 2. c4 b6 3. g3 Bb7 4. Bg2 e5 5. 0-0 d6 6. d4 exd4 7. Qxd4 Nc6 8. Qd1 Rb8 9. Nc3 Be7 10. Nd5 0-0 11. Ne3 Ne5 12. Nxe5 dxe5 13. Nf5 Bxg2 14. Kxg2 g6 15. Nxe7+ Qxe7 16. Bg5 Rfe8 17. Qa4 Qd7 18. Qxd7 Nxd7 19. Rad1 Nc5 20. f3 a5 21. Rd5 Kg7 22. Be3 Na4 23. b3 Nc3 24. Rd2 Rbd8 25. Rc2 Nd1 26. Bd2 Rxd2 27. Rxd2 Ne3+ 28. Kf2 Nxf1 29. Kxf1 Kf6 30. c5 Re6 31. Rd7 Rc6 32. cxb6 cxb6 33. Kf2 h5 34. h4 Ke6 35. Rb7 f5 36. Ke3 Rd6 37. Rc7 Kf6 38. Rc8 Ke6 39. Rc7 Kf6 40. Rb7 Ke6 1/2-1/2

[Event "Belgrade-chT Quality"]
[Site "Belgrade"]
[Date "2012.10.29"]
[Round "7.3"]
[White "Soskic, Bozidar"]
[Black "Milicevic, Predrag I"]
[Result "0-1"]
[WhiteElo "2127"]
[BlackElo "2158"]
[PlyCount "143"]
[EventDate "2012.10.13"]
[EventType "team-tourn"]
[EventRounds "11"]
[EventCountry "SRB"]
[SourceTitle "EXT 2019"]
[Source "ChessBase"]
[SourceDate "2018.10.10"]
[SourceVersion "1"]
[SourceVersionDate "2018.10.10"]
[SourceQuality "1"]

1. d4 f5 2. Bg5 d6 3. Nc3 h6 4. Bf4 g5 5. Be3 Bg7 6. h4 g4 7. g3 Nc6 8. Bg2 Nf6 9. Nd5 Nh5 10. Nf4 Nxf4 11. Bxc6+ bxc6 12. Bxf4 Rb8 13. Bc1 Bd7 14. b3 c5 15. Bb2 cxd4 16. Bxd4 e5 17. Bxa7 Rb4 18. Qd2 Re4 19. Kf1 Qa8 20. f3 0-0 21. Bf2 f4 22. gxf4 Rexf4 23. Rh2 e4 24. Rd1 Be6 25. Be3 R4f6 26. Rg2 exf3 27. exf3 gxf3 28. Rxg7+ Kxg7 29. Bd4 Qe4 30. Re1 Qg4 31. Qf2 Kg6 32. Bxf6 Rxf6 33. Re3 Bd5 34. a4 Kh5 35. a5 Bb7 36. c4 Qf5 37. a6 Bc6 38. a7 Qb1+ 39. Qe1 Qxe1+ 40. Rxe1 f2 41. Ra1 fxg1Q+ 42. Kxg1 Rf8 43. c5 d5 44. b4 Ra8 45. Ra5 Kxh4 46. b5 Bxb5 47. Rxb5 Rxa7 48. c6 Ra6 49. Rxd5 Rxc6 50. Kf2 Kg4 51. Ra5 Kf4 52. Ke2 Ke4 53. Rh5 Kd4 54. Kd2 Rd6 55. Kc2 Ke4 56. Kc3 Kf3 57. Rh1 Kg4 58. Rg1+ Kf5 59. Rh1 Kg6 60. Ra1 Kh7 61. Rh1 Rd5 62. Kc4 c6 63. Re1 Rd6 64. Re7+ Kg6 65. Kc5 Rf6 66. Re1 h5 67. Ra1 Kh6 68. Rh1 Rg6 69. Kb6 Kg5 70. Rg1+ Kf5 71. Rh1 Rh6 72. Kc5 0-1

[Event "Belgrade-chT Quality"]
[Site "Belgrade"]
[Date "2012.10.13"]
[Round "1.5"]
[White "Soskic, Bozidar"]
[Black "Lalic, Mile"]
[Result "0-1"]
[WhiteElo "2127"]
[BlackElo "2074"]
[PlyCount "40"]
[EventDate "2012.10.13"]
[EventType "team-tourn"]
[EventRounds "11"]
[EventCountry "SRB"]
[SourceTitle "EXT 2019"]
[Source "ChessBase"]
[SourceDate "2018.10.10"]
[SourceVersion "1"]
[SourceVersionDate "2018.10.10"]
[SourceQuality "1"]

1. d4 d5 2. Nf3 Nf6 3. c4 c6 4. Nc3 e6 5. Qc2 Nbd7 6. e4 dxe4 7. Nxe4 Nxe4 8. Qxe4 Bb4+ 9. Bd2 Qb6 10. Qc2 c5 11. 0-0-0 Bxd2+ 12. Rxd2 Nf6 13. Ne5 0-0 14. g4 cxd4 15. Bd3 g6 16. g5 Nh5 17. Nxg6 hxg6 18. Bxg6 fxg6 19. Qxg6+ Ng7 20. Qh6 Qc5 0-1

[Event "Belgrade Trophy 20th"]
[Site "Belgrade"]
[Date "2007.11.29"]
[Round "8"]
[White "Adamovic, Strahinja"]
[Black "Soskic, Bozidar"]
[Result "1/2-1/2"]
[WhiteElo "1989"]
[BlackElo "2195"]
[PlyCount "78"]
[EventDate "2007.11.22"]
[EventType "swiss"]
[EventRounds "9"]
[EventCountry "YUG"]
[SourceTitle "CBM 121 Extra"]
[Source "ChessBase"]
[SourceDate "2008.01.10"]
[SourceVersion "1"]
[SourceVersionDate "2008.01.10"]
[SourceQuality "1"]

1. e4 e5 2. Nf3 Nc6 3. Nc3 d6 4. d4 Bg4 5. Bb5 Bxf3 6. Bxc6+ bxc6 7. gxf3 exd4 8. Qxd4 Qf6 9. Qa4 Kd7 10. f4 Ne7 11. Be3 Nc8 12. 0-0-0 Nb6 13. Qa6 Qd8 14. e5 Qc8 15. Qe2 d5 16. Ne4 Ke8 17. Ng3 Nc4 18. Bd4 Qa6 19. b3 Ba3+ 20. Kb1 c5 21. Ba1 d4 22. Rhe1 Bb4 23. Qxc4 Qxc4 24. bxc4 Rb8 25. Kc1 Bxe1 26. Rxe1 Rb4 27. Kd2 Rxc4 28. Rb1 Kd7 29. c3 dxc3+ 30. Bxc3 Rxf4 31. Ke3 Ra4 32. Rb2 Kc6 33. Ne4 Re8 34. f4 f5 35. Nd2 Rd8 36. h4 g6 37. Rc2 c4 38. Ke2 Rb8 39. Ke3 Rd8 1/2-1/2

[Event "Belgrade Trophy 20th"]
[Site "Belgrade"]
[Date "2007.11.26"]
[Round "5"]
[White "Soskic, Bozidar"]
[Black "Nikolic, Marko"]
[Result "0-1"]
[WhiteElo "2195"]
[BlackElo "2037"]
[PlyCount "46"]
[EventDate "2007.11.22"]
[EventType "swiss"]
[EventRounds "9"]
[EventCountry "YUG"]
[SourceTitle "CBM 121 Extra"]
[Source "ChessBase"]
[SourceDate "2008.01.10"]
[SourceVersion "1"]
[SourceVersionDate "2008.01.10"]
[SourceQuality "1"]

1. e4 c5 2. Nf3 d6 3. d4 cxd4 4. Nxd4 Nf6 5. Nc3 a6 6. Bg5 e6 7. Qd2 Be7 8. 0-0-0 b5 9. Ndxb5 axb5 10. e5 b4 11. Na4 Nd5 12. Bxe7 Qxe7 13. c4 bxc3 14. Nxc3 Bb7 15. Bb5+ Nd7 16. exd6 Qxd6 17. Ne4 Qc7+ 18. Kb1 0-0 19. Rc1 Qd8 20. Bxd7 Qxd7 21. Nc5 Qb5 22. Nxb7 Qxb7 23. Rc4 Rxa2 0-1

[Event "Belgrade Trophy 20th"]
[Site "Belgrade"]
[Date "2007.11.24"]
[Round "3"]
[White "Soskic, Bozidar"]
[Black "Stojanovski, Stefan"]
[Result "1-0"]
[WhiteElo "2195"]
[BlackElo "1980"]
[PlyCount "95"]
[EventDate "2007.11.22"]
[EventType "swiss"]
[EventRounds "9"]
[EventCountry "YUG"]
[SourceTitle "CBM 121 Extra"]
[Source "ChessBase"]
[SourceDate "2008.01.10"]
[SourceVersion "1"]
[SourceVersionDate "2008.01.10"]
[SourceQuality "1"]

1. e4 c5 2. Nf3 e6 3. d4 cxd4 4. Nxd4 Nc6 5. Be3 Nf6 6. Nc3 a6 7. Nxc6 bxc6 8. e5 Nd5 9. Nxd5 cxd5 10. Bd4 Qa5+ 11. c3 Be7 12. h4 Rb8 13. b4 Qc7 14. Bd3 d6 15. f4 dxe5 16. fxe5 f5 17. Bxa6 Bxa6 18. a4 Bc4 19. a5 Ba6 20. Rh3 Qc4 21. Kf2 0-0 22. Qa4 Bxb4 23. Qd7 Bc8 24. Qa4 Ba6 25. Qd7 Bc8 26. Qa4 Be7 27. Qxc4 dxc4 28. a6 Rb5 29. Rhh1 Bc5 30. Bxc5 Rxc5 31. Rhb1 Bd7 32. Rb7 Bc6 33. Rc7 h6 34. a7 Ra8 35. g3 Kf8 36. h5 Ke8 37. Ra6 Kf8 38. Rb6 Rxa7 39. Rb8+ Be8 40. Rxa7 Rb5 41. Rc8 Rxe5 42. Raa8 Rd5 43. Rxe8+ Kf7 44. Rf8+ Ke7 45. Rae8+ Kd6 46. Rd8+ Ke5 47. Rxd5+ exd5 48. Ke3 1-0